|
|
|
|
| LEADER |
05059nam a2200517 4500 |
| 001 |
978-3-319-89698-4 |
| 003 |
DE-He213 |
| 005 |
20191220130055.0 |
| 007 |
cr nn 008mamaa |
| 008 |
180526s2019 gw | s |||| 0|eng d |
| 020 |
|
|
|a 9783319896984
|9 978-3-319-89698-4
|
| 024 |
7 |
|
|a 10.1007/978-3-319-89698-4
|2 doi
|
| 040 |
|
|
|d GrThAP
|
| 050 |
|
4 |
|a QE601-613.5
|
| 050 |
|
4 |
|a QE500-639.5
|
| 072 |
|
7 |
|a RBGD
|2 bicssc
|
| 072 |
|
7 |
|a SCI031000
|2 bisacsh
|
| 072 |
|
7 |
|a RBGD
|2 thema
|
| 082 |
0 |
4 |
|a 551.8
|2 23
|
| 245 |
1 |
0 |
|a Geological Evolution of the Precambrian Indian Shield
|h [electronic resource] /
|c edited by M.E.A. Mondal.
|
| 250 |
|
|
|a 1st ed. 2019.
|
| 264 |
|
1 |
|a Cham :
|b Springer International Publishing :
|b Imprint: Springer,
|c 2019.
|
| 300 |
|
|
|a XVII, 749 p. 324 illus., 216 illus. in color.
|b online resource.
|
| 336 |
|
|
|a text
|b txt
|2 rdacontent
|
| 337 |
|
|
|a computer
|b c
|2 rdamedia
|
| 338 |
|
|
|a online resource
|b cr
|2 rdacarrier
|
| 347 |
|
|
|a text file
|b PDF
|2 rda
|
| 490 |
1 |
|
|a Society of Earth Scientists Series,
|x 2194-9204
|
| 505 |
0 |
|
|a Indian shield: pristine shape, size and tectonic framework -- Evolution of the Indian shield: a new approach -- Zircon U-Pb (SHRIMP) ages of the Jahazpur granite and Mangalwar gneiss from the Deoli-Jahazpur sector, Rajasthan, NW India -- Redox state of atmosphere and ocean during Archaean-Palaeoproterozoic boundary: a case study from the Sausar belt, Central India -- Mineral chemistry, Sr-Nd isotope geochemistry and petrogenesis of the granites of Bathani Volcano -- Stratigraphic Evolution and Architecture of the Terrestrial succession at the base of the Neoproterozoic Badami Group, Karnataka, India -- Deformation and Tectonic history of Punagarh Basin in the Trans-Aravalli Terrane of North-Western India -- Archean TTG magmatism in the Aravalli craton, NW India: petrogenetic and geodynamic constraints -- Sulfidic endowment in granite-greenstone terrain in the northern part of EDC: possibilities of IOCG -- Deformation of pyrite at varying metamorphic grades in sediment-hosted base metal sulphide deposits of Rajasthan, India -- Provenance and tectonic setting of the Proterozoic clastic rocks of the Kerur Formation, Badami Group, Mohare area, Karnataka, India -- Controls on Cyclic Sedimentation within the Neoproterozoic Sirbu Shale, Vindhyan basin, Central India -- Trace, rare-earth elements and C, O isotope systematics of carbonate rocks of Proterozoic Bhima Group, Eastern Dharwar Craton, India -- Geochemical and Nd isotopic studies of the Neoarchaean-Palaeoproterozoic granitoids of the Aravalli Craton, NW India: evidence for heterogeneous crustal evolution processes -- Aseismic tectonism-induced soft-sediment deformation in a tranquil palaeogeography: Chikkshelikere Limestone Member,Proterozoic Kaladgi Basin,Southern India -- Geochemical Constraints on the Petrogenesis of the Metasedimentary Rocks Forming the Basement of the Shillong Plateau, Northeast India -- Geochemistry of mafic-felsic rocks of Phulad ophiolite, in and around Pindwara-Mount Abu region, South Delhi Fold Belt -- Genesis of Epidiorite associated with Dhalbhum Formation of Proterozoic Singhbhum Basin -- Evolution of a Granite Gneiss-Migmatite terrane in Rajasthan: Melt Generation & Origin of Anjana Granite -- Petrography and Diagenetic evolution of the Proterozoic Kaimur Group Sandstones, Son Valley, India -- Precambrian crustal history unraveled from the geochemical studies of post-Archean rocks, Arunachal Pradesh, NE Lesser Himalaya -- Megascopic carbonaceous remains from Proterozoic basins of India: Lessons in evolutionary biology.
|
| 520 |
|
|
|a This book presents findings from research into the Precambrian history of the Indian shield obtained using state-of-the-art technology. It demonstrates a paradigm shift towards studying the Precambrian shield regions using petrological, geochemical, structural, metallogenic, sedimentological and paleobiological data from the rocks in the Precambrian shield area, and presents a collection of contributions on these diverse topics that help to reconstruct the Precambrian evolution of the Indian Shield.
|
| 650 |
|
0 |
|a Structural geology.
|
| 650 |
|
0 |
|a Geophysics.
|
| 650 |
|
0 |
|a Geochemistry.
|
| 650 |
1 |
4 |
|a Structural Geology.
|0 http://scigraph.springernature.com/things/product-market-codes/G17040
|
| 650 |
2 |
4 |
|a Geophysics/Geodesy.
|0 http://scigraph.springernature.com/things/product-market-codes/G18009
|
| 650 |
2 |
4 |
|a Geochemistry.
|0 http://scigraph.springernature.com/things/product-market-codes/G14003
|
| 700 |
1 |
|
|a Mondal, M.E.A.
|e editor.
|4 edt
|4 http://id.loc.gov/vocabulary/relators/edt
|
| 710 |
2 |
|
|a SpringerLink (Online service)
|
| 773 |
0 |
|
|t Springer eBooks
|
| 776 |
0 |
8 |
|i Printed edition:
|z 9783319896977
|
| 776 |
0 |
8 |
|i Printed edition:
|z 9783319896991
|
| 776 |
0 |
8 |
|i Printed edition:
|z 9783030078355
|
| 830 |
|
0 |
|a Society of Earth Scientists Series,
|x 2194-9204
|
| 856 |
4 |
0 |
|u https://doi.org/10.1007/978-3-319-89698-4
|z Full Text via HEAL-Link
|
| 912 |
|
|
|a ZDB-2-EES
|
| 950 |
|
|
|a Earth and Environmental Science (Springer-11646)
|